| 000 | 00688nam a2200157 a 4500 | ||
|---|---|---|---|
| 001 | 000031300 | ||
| 005 | 20200930062832.0 | ||
| 008 | 110617s2008 dr 000 0 spa d | ||
| 040 |
_aDO-SdBNP _bspa _cBNPHU |
||
| 082 |
_axxxx _bP438 |
||
| 245 | 0 | 0 |
_aPerfil del (la) docente, director (a) y supervisor (a) en educación ambiental. / _celaborado por Vinicio Beltré ... [et al.]. |
| 260 |
_aSanto Domingo : _bSecretaría de Estado de Educación, Departamento de Educación Ambental, _c2008. |
||
| 300 |
_a20 p. : _bil., retrs. ; _c26 cm. |
||
| 700 | 1 |
_aBeltré, Vinicio _957632 |
|
| 710 | 1 |
_aRepública Dominicana. _bSecretaría de Estado de Educación, _bDepartamento de Educación Ambental _957756 |
|
| 999 |
_c30792 _d30792 |
||